Em que ano aconteceu? - Statistics

Estatísticas Gerais
  • Esse quiz foi jogado 264 vezes
  • A pontuação média é 14 de 15
Estatísticas das Respostas
Hint Resposta % Correto
11 de setembro 2001
100%
Captura e execução de Bin Laden 2011
99%
Covid 2020
99%
Casamento do príncipe Harry 2018
98%
Príncipe Harry deixa a monarquia 2021
98%
Nasce o Facebook 2004
97%
Morte do Michael Jackson 2009
97%
Eleição do Papa Francisco 2013
97%
Ataques terroristas a Paris 2015
97%
Trump eleito presidente 2016
97%
Discurso de Greta 2019
97%
Obama é eleito presidente 2008
96%
Execução de Saddam 2006
94%
O euro entra em circulação 2002
93%
Furacão Katrina 2005
86%
Nenhum quiz correspondente encontrado
Distribuição das Pontuações
Porcentagem de Pessoas com Cada Pontuação
Percentil de Números Respondidos
Sua Pontuação Histórica
Você não jogou esse quiz